E' Natale fratello (Record n. 103288)
[ formato base ]
| 000 -LEADER | |
|---|---|
| fixed length control field | 01362njm a2200313Ia 4500 |
| 001 - CONTROL NUMBER | |
| control field | 25619 |
| 003 - CONTROL NUMBER IDENTIFIER | |
| control field | IT-RoPAU |
| 005 - DATE AND TIME OF LATEST TRANSACTION | |
| control field | 20220918181204.0 |
| 008 - FIXED-LENGTH DATA ELEMENTS--GENERAL INFORMATION | |
| fixed length control field | 131025s9999 xx 000 0 und d |
| 040 ## - CATALOGING SOURCE | |
| Original cataloging agency | IT-RoPAU |
| 040 ## - CATALOGING SOURCE | |
| Transcribing agency | IT-RoPAU |
| 041 ## - LANGUAGE CODE | |
| Language code of text/sound track or separate title | ITALIANO |
| 999 ## - SYSTEM CONTROL NUMBERS (KOHA) | |
| Koha Dewey Subclass [OBSOLETE] | n.d. |
| 100 ## - MAIN ENTRY--PERSONAL NAME | |
| Personal name | Di Mario Angelo |
| 9 (RLIN) | 853 |
| 100 ## - MAIN ENTRY--PERSONAL NAME | |
| Relator term | Autore musica |
| 9 (RLIN) | 12622 |
| 100 ## - MAIN ENTRY--PERSONAL NAME | |
| Miscellaneous information | Codice autore musica SPICS: 10868 |
| 9 (RLIN) | 855 |
| 245 ## - TITLE STATEMENT | |
| Title | E' Natale fratello |
| 250 ## - EDITION STATEMENT | |
| Edition statement | 1a ed. |
| 260 ## - PUBLICATION, DISTRIBUTION, ETC. (IMPRINT) | |
| Place of publication, distribution, etc. | ALBANO |
| 260 ## - PUBLICATION, DISTRIBUTION, ETC. (IMPRINT) | |
| Name of publisher, distributor, etc. | EP - MUSICALI E DISCOGRAFICHE |
| Date of publication, distribution, etc. | 1974 [1a Ed.:1974 - Ed. Lingua Orig.: 1974] |
| 300 ## - PHYSICAL DESCRIPTION | |
| Extent | DISCO |
| 300 ## - PHYSICAL DESCRIPTION | |
| Dimensions | 36 minuti (Testo: pag.) |
| 500 ## - GENERAL NOTE | |
| General note | Musica religiosa. Canti natalizi. Messaggio cristiano; apertura ai fratelli; amore verso i poveri; attenzione per chi ha una sofferenza nascosta |
| 505 ## - FORMATTED CONTENTS NOTE | |
| Formatted contents note | Dimentica... è Natale - Guarda, Maria - Egli così piccolo - Il vecchio e la chitarra - La speranza di Natale - Il messaggio della Grotta - Natale in cartolina - La pace è facile - Profumo di neve - La grotta di Betlemme - Come una fiaba - Da Natale alla Befana |
| 511 ## - PARTICIPANT OR PERFORMER NOTE | |
| Participant or performer note | Complesso e Coro Ragazzi alla Ribalta diretti da Di Mario Angelo |
| 650 ## - SUBJECT ADDED ENTRY--TOPICAL TERM | |
| Topical term or geographic name as entry element | CANTI DI NATALE [DISCHI] |
| Relator term | Codice MATERIA SPICS: 9950 |
| 9 (RLIN) | 12623 |
| 700 ## - ADDED ENTRY--PERSONAL NAME | |
| Personal name | Tombolato Pino |
| Relator term | Autore testo e musica |
| Miscellaneous information | Codice autore testo/musica SPICS: 10145 |
| 9 (RLIN) | 12624 |
| 942 ## - ADDED ENTRY ELEMENTS (KOHA) | |
| Koha item type | DISCHI |
| Source of classification or shelving scheme | Dewey Decimal Classification |
| Withdrawn status | Lost status | Damaged status | Not for loan | Home library | Current library | Date acquired | Total Checkouts | Full call number | Date last seen | Price effective from | Koha item type | Public note |
|---|---|---|---|---|---|---|---|---|---|---|---|---|
| Buone Condizioni | Not For Loan | SPICS-MEDIATECA | SPICS-MEDIATECA | 25/10/2013 | 25619 | 25/10/2013 | 25/10/2013 | DISCHI | Progr. Ins.: 5493 / N.Vol.: 1 / Copie: 1 - Copia rara: n.d. / date import: 01.01.2014 - By Epidotti, Trombetti, Vaglietti |